00744nam a22002177a 450000500170000001000150001702000260003203500140005803700130007208200100008510000230009524500690011826000250018727000400021230000210025250000500027370000230032394200240034699900190037095201370038920171208141749.0 aENG-121801 a9789380036298c200.00 aEN-105333 bDBAD/PUB a320.8 aBhattacharya,Mohit aContemporary decentralization discourse /cby Mohit Bhattacharya aKolkatabMitrmc2011 a37A,college streetbKolkatae700073 a254p.c22cm(Pbk) aIncludes bibliographical references and index aMohit Bhattacharya 2ddccENh320.8mBHA c147919d147919 001040718NFICaDBADbDBADd2017-12-08eDBAD/PUB.g200.00l0o320.8 BHApEN-105333r2017-12-08 00:00:00t1v200.00w2017-12-08yEN